000 00782nam a2200229Ia 4500
001 9932
003 GE_BSU
008 181216s||||||||xx |||||||||||||| ||und||
040 _cGE_BSU
080 _a821.353.1–32
100 _aმუჯირიშვილი,ბეგლარ
245 _aამბავი ერთი სიყვარულისა
245 _bმოთხრობები
245 _cმხატვ.რ.კაპანაძე
260 _aთბილისი
260 _bლიტერატურა და ხელოვნება
260 _c1969
300 _a174გვ.16სმ.
653 _aამბავი ერთი სიყვარულისა
653 _aმოთხრობები
942 _cBK
999 _c43207
_d43207